000 01029nam a2200265Ia 4500
003 OSt
005 20221005104724.0
006 a|||||r|||| 00| 0
007 ta
008 221004b |||||||| |||| 00| 0 hin d
020 _c90
024 _a8775
037 _b20478, 08/01/2014, Hindi Madhyam Karyanvyan Nideshalye
_cTextual
040 _aCRL
_cCRL
_bhin
041 _2hin
_ahin
082 _aPv, 152N8
100 _aबोरा, राजपाल
245 0 _aऐतिहासिक भाड्ढा विज्ञान
246 _aAitihāsik bhāḍḍhā vijnyāna
260 _aदिल्ली
_bविश्वविद्यालय हिन्दी माध्यम कार्यान्वय निदेशालय भारत
_c1998
300 _a115पृ0
_ccm.
650 _aहिन्दी भाषा
942 _hPv, 152N8
_cTEXL
_2cc
999 _c1013594
_d1013594